LIBRARY & INFORMATION CENTRE, KCAET, TAVANUR

ONLINE PUBLIC ACCESS CATALOGUE (OPAC)

Irrigation water resources and water power engineering / (Record no. 11247)

MARC details
000 -LEADER
fixed length control field 00423cam a2200157ua 4500
003 - CONTROL NUMBER IDENTIFIER
control field OSt
008 - FIXED-LENGTH DATA ELEMENTS--GENERAL INFORMATION
fixed length control field 241107b |||||||| |||| 00| 0 eng d
020 ## - INTERNATIONAL STANDARD BOOK NUMBER
ISBN 9788189401290
082 ## - DEWEY DECIMAL CLASSIFICATION NUMBER
Classification number 631.587
Item number MOD/IR
100 ## - MAIN ENTRY--AUTHOR NAME
Personal name Modi, P N.
245 ## - TITLE STATEMENT
Title Irrigation water resources and water power engineering /
250 ## - EDITION STATEMENT
Edition statement 8/9 th
260 ## - PUBLICATION, DISTRIBUTION, ETC. (IMPRINT)
Place of publication New Delhi :
Name of publisher Standard Book House ,
Year of publication 2014
300 ## - PHYSICAL DESCRIPTION
Number of Pages 1121 ; ./ 1070
942 ## - ADDED ENTRY ELEMENTS (KOHA)
Koha item type Books
Holdings
Withdrawn status Lost status Damaged status Home library Current library Date acquired Full call number Accession Number Koha item type Shelving location Collection code Source of acquisition Cost, normal purchase price
    Damaged KAUAET KAUAET 07/04/2012 627.5 18405 Books        
      KAUAET KAUAET 07/04/2012 631.587 MOD/IR 19321 Books Shelf- 13A      
      KAUAET KAUAET 07/04/2012 631.587 MOD/IR 21354 Books Shelf- 13A      
      KAUAET KAUAET 07/04/2012 631.587 MOD/IR 21353 Books Shelf- 13A      
      KAUAET KAUAET 07/04/2012 631.587 MOD/IR 21463 Books Shelf- 13A      
      KAUAET KAUAET 07/04/2012 631.587 MOD/IR 21730 Books Shelf- 13A      
      KAUAET KAUAET 07/04/2012 627.5 19322 Books        
      KAUAET KAUAET 31/03/2012 631.587 MOD/IR 22553 Books Shelf- 13A Non-fiction    
      KAUAET KAUAET 31/03/2012 631.587 MOD/IR 22554 Books Shelf- 13A Non-fiction    
      KAUAET KAUAET 31/03/2012 631.587 MOD/IR 22555 Books Shelf- 13A Non-fiction    
      KAUAET KAUAET 31/03/2012 631.587 MOD/IR 22556 Books Shelf- 13A Non-fiction    
      KAUAET KAUAET 31/03/2012 631.587 MOD/IR 22557 Books Shelf- 13A Non-fiction    
      KAUAET KAUAET 13/03/2013 627.5 MOD/IR BB 223 Book Bank scheme for SC students Scheme Non-fiction Calicut Book Distributors 560.00
      KAUAET KAUAET 13/03/2013 627.5 MOD/IR BB 224 Book Bank scheme for SC students Scheme Non-fiction Calicut Book Distributors 560.00
      KAUAET KAUAET 05/07/2016 631.587 MOD/IR 24969 Books Shelf- 13A   Aman Book Stall, Calicut 620.00
      KAUAET KAUAET 27/08/2022 631.587 MOD/IR 24067 Books Shelf- 13A General Books    
free website counter